Portraits in princely India, 1700-1947 / (Record no. 29633)
[ view plain ]
| 000 -LEADER | |
|---|---|
| fixed length control field | 01481nam a22002655a 4500 |
| 005 - DATE AND TIME OF LATEST TRANSACTION | |
| control field | 20090826114430.0 |
| 010 ## - LCCN (DPL NO) | |
| LC control number | ENG-94902 B-453648-649 |
| 020 ## - INTERNATIONAL STANDARD BOOK NUMBER | |
| International Standard Book Number | 9788185026862 |
| Terms of availability | 2500.00 |
| 020 ## - INTERNATIONAL STANDARD BOOK NUMBER | |
| International Standard Book Number | 8185026866 |
| Terms of availability | 2500.00 |
| 035 ## - SYSTEM CONTROL NUMBER | |
| System control number | EN-78435 B-453648-649 |
| 037 ## - SOURCE OF ACQUISITION | |
| Source of stock number/acquisition | DBAD/ PUB |
| 037 ## - SOURCE OF ACQUISITION | |
| Source of stock number/acquisition | RBC/Ven |
| 082 ## - DEWEY DECIMAL CLASSIFICATION NUMBER | |
| Classification number | 954.08 |
| 245 ## - TITLE STATEMENT | |
| Title | Portraits in princely India, 1700-1947 / |
| Statement of responsibility, etc | edited by Rosie Llewellyn-Jones |
| 260 ## - PUBLICATION, DISTRIBUTION, ETC. (IMPRINT) | |
| Place of publication, distribution, etc | Mumbai |
| Name of publisher, distributor, etc | Marg Publications on behalf of the National Centre for the Performing Arts, |
| Date of publication, distribution, etc | 2008 |
| 270 ## - ADDRESS | |
| Address | 24, Homi Mody Street, |
| City | Mumbai |
| Postal code | 400001 |
| 300 ## - PHYSICAL DESCRIPTION | |
| Extent | 136 p. : |
| Other physical details | chiefly col. ill. ; |
| Dimensions | 31cm(Hb) |
| 500 ## - GENERAL NOTE | |
| General note | "Vol. 59, no. 4, June 2008"--T.p. verso; simultaneously issued in serial format as an issue of Mārg. |
| 504 ## - BIBLIOGRAPHY, ETC. NOTE | |
| Bibliography, etc | Includes bibliographical references and index. |
| 942 ## - ADDED ENTRY ELEMENTS (KOHA) | |
| Source of classification or shelving scheme | Dewey Decimal Classification |
| Item type | English Books |
| Classification part | 954.08 |
| Withdrawn status | Lost status | Not for loan | Collection code | Home library | Current library | Date acquired | Source of acquisition | Cost, normal purchase price | Full call number | Barcode | Copy number | Cost, replacement price | Koha item type |
|---|---|---|---|---|---|---|---|---|---|---|---|---|---|
| Not For Loan | Reference | Central Library | Central Library | 21/02/2012 | RBC Pub/26661/08.10.2011/76/04.3.11/29.11.11 | 2500.00 | 954.08 | B-453648 | 1 | 2500.00 | English Books | ||
| Not For Loan | Non-fiction | D.B.Act.Division | D.B.Act.Division | 26/08/2009 | DBAD / PUB | 2500.00 | 757.0954 POR | EN-78435 | 1 | 2500.00 | English Books | ||
| Not For Loan | Reference | Sarojini Nagar | Sarojini Nagar | 21/02/2012 | RBC Pub/26661/08.10.2011/76/04.3.11/29.11.11 | 2500.00 | 954.08 | B-453649 | 1 | 2500.00 | English Books |
